000 00507nam a2200193 a 4500
001 1770888359955
003 YourLibrary
005 20260212145936.0
008 260212s2002##################000#0#eng##
020 _a9780745318578
082 0 4 _a330
_bHAH
100 1 _aHahnel, Robin,
_eauthor.
245 1 0 _aThe ABCs of Political Economy :
260 _bPluto Press (UK),
_c2002.
300 _a328 pages
650 0 _aBusiness & Economics.
942 _cENGLISH
040 _aYourLibrary
_beng
_cYourLibrary
999 _c612001
_d612001